000 00304nam a2200109Ia 4500
008 230907s9999||||xx |||||||||||||| ||und||
082 _a620.14
_bADV
245 0 _aAdvances in materials science for environmental and energy technologies III /
260 _c2014
300 _aix, 322 pages :
942 _cBK
999 _c598996
_d598996